000 00898nam a2200241 a 4500
001 22857
003 CO-ViMGA
008 141112s2004 ck r 000 u spa d
020 _a9586824845
040 _aCO-ViMGA
_bspa
_cCO-ViMGA
082 0 4 _a658.02 R637g
100 1 _aRodriguez T, Eduardo
_932747
245 1 0 _aGerencia Matemàtica :
_bLa mente conceptual del gerente
260 _aColombia :
_bAlfaomega
300 _a413p.
505 _aAdministracion, filosofia, arte y matematicas, Analisis del consumidor y teoria de conjuntos, El analisis de mas de una variable, el entorno y la teoria de matrices, La competencia es por la optimizacion
650 1 4 _aADMINISTRACION DE EMPRESAS - MANUALES
_932748
650 1 4 _aFUNCIONES (MATEMATICAS)
_96496
650 1 4 _aPROBABILIDADES
_99855
650 1 4 _aTEORIA DE CONJUNTOS
_932749
650 1 4 _aTEORIA DE MATRICES
_932750
942 _2ddc
_cBK
999 _c31152
_d31152